[Event "Wch Blitz (Women)"]
[Site "St Petersburg"]
[Date "2018.12.30"]
[Round "13"]
[White "Smirnova, Ekaterina"]
[Black "Molchanova, Tatjana"]
[Result "1/2-1/2"]
[WhiteElo "2192"]
[BlackElo "2245"]
[PlyCount "144"]
[EventDate "2018.12.29"]
[EventType "swiss (blitz)"]
[EventRounds "17"]
[EventCountry "RUS"]
[SourceTitle "CBM 187 Extra"]
[Source "ChessBase"]
[SourceDate "2018.11.04"]
[SourceVersion "1"]
[SourceVersionDate "2018.11.04"]
[SourceQuality "1"]

1. d4 Nf6 2. c4 e6 3. Nc3 Bb4 4. a3 Be7 5. e4 0-0 6. Be2 c5 7. d5 d6 8. Nf3 e5 9. 0-0 Ne8 10. b4 b6 11. bxc5 bxc5 12. Rb1 f5 13. Nd2 f4 14. Bg4 f3 15. Bxf3 Bg5 16. Bg4 Nf6 17. Bxc8 Qxc8 18. Nf3 Bxc1 19. Qxc1 Qg4 20. Qg5 Nbd7 21. Qxg4 Nxg4 22. Rb7 Nb6 23. Nd2 Rfb8 24. Rxb8+ Rxb8 25. Rb1 Rf8 26. f3 Ne3 27. Nb5 Nexc4 28. Nxc4 Nxc4 29. Rc1 a6 30. Nc7 Nxa3 31. Nxa6 Ra8 32. Nc7 Rb8 33. Ra1 Rb3 34. Kf2 Kf7 35. Ne6 c4 36. h3 c3 37. Rc1 c2 38. Ke2 Rc3 39. Kd2 Rc8 40. h4 g6 41. Ke2 h6 42. Kd2 Kf6 43. Ke2 g5 44. hxg5+ hxg5 45. Kd2 g4 46. fxg4 Rg8 47. g5+ Kg6 48. Ra1 Ra8 49. Rc1 Ra4 50. Kd3 Rc4 51. g4 Rc8 52. Kd2 Nb1+ 53. Kd3 Rc3+ 54. Ke2 Na3 55. Kd2 Rg3 56. Ra1 Rg2+ 57. Kc3 Nb1+ 58. Kb2 Nd2 59. Kxc2 Nxe4+ 60. Kd3 Nxg5 61. Nxg5 Kxg5 62. Ra6 Rg3+ 63. Ke2 Kxg4 64. Rxd6 Kf4 65. Rf6+ Ke4 66. d6 Rg2+ 67. Kf1 Rd2 68. Ke1 Rd5 69. Rh6 Kd3 70. Rh3+ Kd4 71. Rh6 e4 72. Ke2 Ke5 1/2-1/2

[Event "Wch Blitz (Women)"]
[Site "St Petersburg"]
[Date "2018.12.30"]
[Round "17"]
[White "Yurasova, Daria"]
[Black "Molchanova, Tatjana"]
[Result "0-1"]
[WhiteElo "2190"]
[BlackElo "2245"]
[PlyCount "82"]
[EventDate "2018.12.29"]
[EventType "swiss (blitz)"]
[EventRounds "17"]
[EventCountry "RUS"]
[SourceTitle "CBM 187 Extra"]
[Source "ChessBase"]
[SourceDate "2018.11.04"]
[SourceVersion "1"]
[SourceVersionDate "2018.11.04"]
[SourceQuality "1"]

1. d4 Nf6 2. Nf3 d5 3. g3 c6 4. Bg2 Bf5 5. 0-0 h6 6. c4 e6 7. b3 Be7 8. Bb2 0-0 9. Nc3 Nbd7 10. Rc1 Ne4 11. Ne5 Nxc3 12. Bxc3 Nxe5 13. dxe5 dxc4 14. bxc4 Qxd1 15. Rfxd1 Rfd8 16. e4 Bg6 17. Rb1 b6 18. a4 Bc5 19. Kf1 Kf8 20. h3 Ke7 21. f4 f6 22. g4 fxe5 23. Bxe5 Bd6 24. Bxd6+ Rxd6 25. f5 exf5 26. exf5 Bf7 27. c5 Rxd1+ 28. Rxd1 bxc5 29. Bxc6 Rd8 30. Rb1 Kd6 31. Bg2 Rd7 32. h4 Ke5 33. Re1+ Kf4 34. Bc6 Rd2 35. Re4+ Kg3 36. g5 hxg5 37. hxg5 Bh5 38. Re7 c4 39. Bb5 c3 40. Re3+ Bf3 41. Bc6 Rd1+ 0-1

[Event "Wch Blitz (Women)"]
[Site "St Petersburg"]
[Date "2018.12.29"]
[Round "5"]
[White "Molchanova, Tatjana"]
[Black "Bulatova, Kamaliya"]
[Result "1-0"]
[WhiteElo "2245"]
[BlackElo "2007"]
[PlyCount "100"]
[EventDate "2018.12.29"]
[EventType "swiss (blitz)"]
[EventRounds "17"]
[EventCountry "RUS"]
[SourceTitle "CBM 187 Extra"]
[Source "ChessBase"]
[SourceDate "2018.11.04"]
[SourceVersion "1"]
[SourceVersionDate "2018.11.04"]
[SourceQuality "1"]

1. e4 e6 2. d3 c5 3. g3 Nf6 4. Bg2 d5 5. Nd2 Nc6 6. Ngf3 g6 7. 0-0 Bg7 8. c3 0-0 9. Re1 a5 10. h4 a4 11. a3 dxe4 12. dxe4 b5 13. Qe2 Qb6 14. e5 Ng4 15. h5 Bb7 16. Nf1 Ncxe5 17. Nxe5 Nxe5 18. hxg6 hxg6 19. f4 Bxg2 20. Kxg2 Qc6+ 21. Qe4 Qxe4+ 22. Rxe4 Nd3 23. Be3 Rfe8 24. Bg1 c4 25. Re2 e5 26. fxe5 Rxe5 27. Rxe5 Bxe5 28. Rb1 Re8 29. Nd2 Bd6 30. Kf3 Ne1+ 31. Kf2 Bc5+ 32. Kf1 Bxg1 33. Kxg1 Nd3 34. Nf3 Re2 35. Nd4 Re5 36. Kg2 f5 37. Kf3 Kf7 38. g4 fxg4+ 39. Kxg4 Kf6 40. Rf1+ Kg7 41. Rb1 Rd5 42. Kg3 g5 43. Kg4 Kg6 44. Kg3 Re5 45. Kg4 Nf2+ 46. Kg3 Ne4+ 47. Kg4 Nf6+ 48. Kg3 Re3+ 49. Kf2 Re5 50. Kg3 g4 1-0

[Event "Wch Rapid (Women)"]
[Site "St Petersburg"]
[Date "2018.12.27"]
[Round "8"]
[White "Garcia Martin, Marta"]
[Black "Molchanova, Tatjana"]
[Result "1-0"]
[WhiteElo "2301"]
[BlackElo "2245"]
[PlyCount "99"]
[EventDate "2018.12.26"]
[EventType "swiss (rapid)"]
[EventRounds "12"]
[EventCountry "RUS"]
[SourceTitle "CBM 187 Extra"]
[Source "ChessBase"]
[SourceDate "2018.11.04"]
[SourceVersion "1"]
[SourceVersionDate "2018.11.04"]
[SourceQuality "1"]

1. e4 c6 2. d4 d5 3. e5 Bf5 4. Nc3 e6 5. g4 Bg6 6. Nge2 Qh4 7. Nf4 Bb4 8. Bd2 Nd7 9. Ng2 Qe7 10. h4 f6 11. h5 Bf7 12. f4 0-0-0 13. Bd3 Nh6 14. Qe2 Kb8 15. a3 Bxc3 16. Bxc3 fxe5 17. dxe5 Nc5 18. 0-0-0 Na4 19. Bd2 c5 20. c4 d4 21. f5 Qc7 22. Bg5 Rde8 23. f6 Nxg4 24. Qxg4 gxf6 25. Bxf6 Rhg8 26. Qe2 h6 27. Nf4 Rg3 28. Rh3 Reg8 29. Rxg3 Rxg3 30. Qc2 Qa5 31. Bh4 Rg4 32. Be1 Qa6 33. Bd2 Nb6 34. Rf1 Nd7 35. Ng6 Be8 36. Qd1 Rg2 37. Rg1 Rh2 38. Bxh6 Qb6 39. Bc2 d3 40. Qxd3 Rxh5 41. Bd2 Rh2 42. Bf4 Rf2 43. Qe3 Rxc2+ 44. Kxc2 Qc6 45. Qd3 Ka8 46. Nf8 Qa4+ 47. Kc1 a5 48. Nxd7 Bxd7 49. Be3 Qc6 50. Rd1 1-0

[Event "Wch Rapid (Women)"]
[Site "St Petersburg"]
[Date "2018.12.27"]
[Round "6"]
[White "Loskutova, Viktoriya"]
[Black "Molchanova, Tatjana"]
[Result "0-1"]
[WhiteElo "2105"]
[BlackElo "2245"]
[PlyCount "68"]
[EventDate "2018.12.26"]
[EventType "swiss (rapid)"]
[EventRounds "12"]
[EventCountry "RUS"]
[SourceTitle "CBM 187 Extra"]
[Source "ChessBase"]
[SourceDate "2018.11.04"]
[SourceVersion "1"]
[SourceVersionDate "2018.11.04"]
[SourceQuality "1"]

1. e4 c6 2. d4 d5 3. e5 Bf5 4. h4 h6 5. g4 Bc8 6. h5 e6 7. f4 c5 8. c3 Nc6 9. Nf3 Qb6 10. Rh2 Bd7 11. Be3 0-0-0 12. Rc2 Kb8 13. Nbd2 f6 14. Kf2 fxe5 15. fxe5 g6 16. hxg6 Nge7 17. Nb3 c4 18. Nc5 Nxg6 19. Nxd7+ Rxd7 20. Rb1 Rf7 21. Kg3 Ncxe5 22. Nxe5 Nxe5 23. Bf4 Rxf4 24. Kxf4 Bd6 25. Ke3 Ng6 26. Rf2 e5 27. Rf6 exd4+ 28. cxd4 Re8+ 29. Kf3 Nh4+ 30. Kf2 Bg3+ 31. Kxg3 Qxf6 32. Bg2 Re3+ 33. Kh2 Qf4+ 34. Kh1 Nxg2 0-1

[Event "Wch Rapid (Women)"]
[Site "St Petersburg"]
[Date "2018.12.27"]
[Round "7"]
[White "Molchanova, Tatjana"]
[Black "Belova, Olga"]
[Result "1-0"]
[WhiteElo "2245"]
[BlackElo "2069"]
[PlyCount "57"]
[EventDate "2018.12.26"]
[EventType "swiss (rapid)"]
[EventRounds "12"]
[EventCountry "RUS"]
[SourceTitle "CBM 187 Extra"]
[Source "ChessBase"]
[SourceDate "2018.11.04"]
[SourceVersion "1"]
[SourceVersionDate "2018.11.04"]
[SourceQuality "1"]

1. e4 e5 2. Nc3 Nf6 3. g3 d5 4. exd5 Nxd5 5. Bg2 Nxc3 6. bxc3 Bd6 7. Ne2 0-0 8. 0-0 Nc6 9. Rb1 Re8 10. d3 a5 11. h3 Ra6 12. Kh2 Qf6 13. c4 Rb6 14. Rxb6 cxb6 15. Nc3 Bc5 16. Nd5 Qg6 17. Be3 Nb4 18. Bxc5 bxc5 19. a3 Nc6 20. f4 Qd6 21. Qh5 exf4 22. Rxf4 Ne5 23. Re4 Bd7 24. c3 g6 25. Qh6 Bf5 26. Rh4 f6 27. Qxh7+ Kf8 28. Qh8+ Kf7 29. Rh7+ 1-0

[Event "EU-ch blitz"]
[Site "Tallinn"]
[Date "2016.12.17"]
[Round "4"]
[White "Grandelius, Nils"]
[Black "Molchanova, Tatjana"]
[Result "1-0"]
[WhiteElo "2643"]
[BlackElo "2245"]
[PlyCount "95"]
[EventDate "2016.12.17"]
[EventType "swiss (blitz)"]
[EventRounds "26"]
[EventCountry "EST"]
[SourceTitle "CBM 176 Extra"]
[Source "ChessBase"]
[SourceDate "2017.03.02"]
[SourceVersion "1"]
[SourceVersionDate "2017.03.02"]
[SourceQuality "1"]

1. Nc3 d5 2. d4 Nf6 3. Bf4 c6 4. e3 Bf5 5. f3 h6 6. g4 Bg6 7. h4 Nbd7 8. Nh3 e6 9. Bg3 Bh7 10. Qd2 Bb4 11. a3 Ba5 12. Nf4 Qe7 13. g5 Ng8 14. 0-0-0 0-0-0 15. Kb1 Bc7 16. Bh3 hxg5 17. hxg5 Qxg5 18. Qh2 Bf5 19. Rdg1 Qe7 20. Qg2 Bxh3 21. Nxh3 Bxg3 22. Qxg3 g6 23. Nf4 Rxh1 24. Rxh1 Ngf6 25. Qg5 e5 26. Nd3 exd4 27. exd4 Qe6 28. Nf4 Qd6 29. Nd3 Qe6 30. Re1 Qd6 31. Ne5 Rf8 32. Ka2 Nb6 33. Qh6 Nc4 34. Qf4 b5 35. Qg3 b4 36. axb4 Qxb4 37. Nd3 Qa5+ 38. Kb1 Nd2+ 39. Kc1 Nc4 40. Re7 Nd7 41. Qh3 Rd8 42. Rxf7 Qa1+ 43. Nb1 a5 44. Qe6 Qa4 45. Rg7 g5 46. Rxd7 Rxd7 47. Qxd7+ Kxd7 48. Nc5+ 1-0

[Event "EU-ch rapid"]
[Site "Tallinn"]
[Date "2016.12.15"]
[Round "2"]
[White "Mamedov, Rauf"]
[Black "Molchanova, Tatjana"]
[Result "1-0"]
[WhiteElo "2688"]
[BlackElo "2245"]
[PlyCount "55"]
[EventDate "2016.12.15"]
[EventType "swiss (rapid)"]
[EventRounds "11"]
[EventCountry "EST"]
[SourceTitle "CBM 176 Extra"]
[Source "ChessBase"]
[SourceDate "2017.03.02"]
[SourceVersion "1"]
[SourceVersionDate "2017.03.02"]
[SourceQuality "1"]

1. e4 c6 2. Ne2 d5 3. e5 d4 4. c3 dxc3 5. Nbxc3 Bf5 6. d4 e6 7. Nf4 Bb4 8. Nh5 Kf8 9. Be2 g6 10. Ng3 h5 11. 0-0 Bxc3 12. bxc3 Ne7 13. Bg5 h4 14. Nxf5 exf5 15. Qb3 Qd7 16. Qa3 Ke8 17. Rab1 h3 18. Bc4 Nd5 19. Rfe1 hxg2 20. Bxd5 cxd5 21. e6 fxe6 22. Rxb7 Qxb7 23. Rxe6+ Kd7 24. Re7+ Kc8 25. Rxb7 Kxb7 26. Qe7+ Kc8 27. Qc5+ Kb7 28. Qb5+ 1-0

[Event "EU-ch blitz"]
[Site "Minsk"]
[Date "2015.12.18"]
[Round "16.47"]
[White "Molchanova, Tatjana"]
[Black "Shkapenko, Pavel"]
[Result "1/2-1/2"]
[WhiteElo "2245"]
[BlackElo "2407"]
[PlyCount "108"]
[EventDate "2015.12.18"]
[EventType "swiss (blitz)"]
[EventRounds "22"]
[EventCountry "BLR"]
[SourceTitle "EXT 2017"]
[Source "ChessBase"]
[SourceDate "2016.10.25"]
[SourceVersion "1"]
[SourceVersionDate "2016.10.25"]
[SourceQuality "1"]

1. e4 Nf6 2. d3 e5 3. Nc3 d5 4. exd5 Nxd5 5. Nxd5 Qxd5 6. Qf3 Qd6 7. Bd2 Nc6 8. Ne2 Be6 9. a3 0-0-0 10. g3 Bd5 11. Qg4+ Kb8 12. Rg1 h5 13. Qa4 g6 14. 0-0-0 Bg7 15. Nc3 Bf3 16. Re1 Nd4 17. Nb5 Qb6 18. Nxd4 Rxd4 19. Qa5 Qc6 20. Qc3 Qd7 21. Be3 Rd6 22. Be2 Bxe2 23. Rxe2 Rd8 24. Rge1 Rc6 25. Qb3 b6 26. Bd2 Qxd3 27. Qxd3 Rxd3 28. Bc3 Rdxc3 29. bxc3 Rxc3 30. Rd1 Kc8 31. Rd3 Rxd3 32. cxd3 Kd7 33. Kc2 Kd6 34. f4 exf4 35. gxf4 Bh6 36. Re4 c5 37. a4 f5 38. Rc4 a6 39. d4 Kd5 40. Kd3 h4 41. dxc5 bxc5 42. h3 Kd6 43. a5 Kc6 44. Rc1 Bxf4 45. Re1 g5 46. Kc4 Bd6 47. Re6 g4 48. hxg4 fxg4 49. Re4 h3 50. Rxg4 h2 51. Rh4 Bc7 52. Rh6+ Kb7 53. Kxc5 Bxa5 54. Rxh2 Bb6+ 1/2-1/2

[Event "EU-ch blitz"]
[Site "Minsk"]
[Date "2015.12.18"]
[Round "11.49"]
[White "Triapishko, Alexandr"]
[Black "Molchanova, Tatjana"]
[Result "1-0"]
[WhiteElo "2471"]
[BlackElo "2245"]
[PlyCount "143"]
[EventDate "2015.12.18"]
[EventType "swiss (blitz)"]
[EventRounds "22"]
[EventCountry "BLR"]
[SourceTitle "EXT 2017"]
[Source "ChessBase"]
[SourceDate "2016.10.25"]
[SourceVersion "1"]
[SourceVersionDate "2016.10.25"]
[SourceQuality "1"]

1. b3 d5 2. Bb2 c6 3. Nf3 Bf5 4. g3 e6 5. Bg2 h6 6. 0-0 Nf6 7. d3 Be7 8. c4 0-0 9. Nbd2 Nbd7 10. a3 Re8 11. b4 Bf8 12. Re1 e5 13. e4 dxe4 14. dxe4 Bh7 15. Nh4 Qc7 16. Nf5 Rad8 17. Qc2 Nb6 18. Rad1 Nc8 19. c5 b6 20. Nb3 bxc5 21. Nxc5 Nd6 22. Nxd6 Rxd6 23. Rxd6 Bxd6 24. Rd1 Bxc5 25. bxc5 Nd7 26. f3 f6 27. Bh3 Nf8 28. Qc4+ Kh8 29. Bc1 Bg8 30. Qc2 Be6 31. Bf1 Rb8 32. Rd3 Bg8 33. Be3 Qa5 34. Qc3 Qxc3 35. Rxc3 Rb1 36. Kf2 Rb3 37. Rxb3 Bxb3 38. f4 exf4 39. gxf4 Kg8 40. f5 Kf7 41. Ba6 Nd7 42. Bd4 Ke7 43. Ke3 Ba4 44. Be2 Bb5 45. Bd1 Ne5 46. a4 Ba6 47. h3 Kd7 48. h4 Ke7 49. Kf4 Nd3+ 50. Ke3 Ne5 51. Bc3 Kd7 52. Bb3 Ke7 53. Be6 Bb7 54. Ba5 Ba6 55. Bc7 Nc4+ 56. Kd4 Nd2 57. Bd6+ Ke8 58. Bg3 Nf3+ 59. Ke3 Ne5 60. Be1 Ke7 61. Ba5 Nd7 62. Kd4 Ne5 63. Bc7 Nf3+ 64. Ke3 Nxh4 65. Bd6+ Ke8 66. Kf2 g5 67. e5 fxe5 68. f6 Ng6 69. f7+ Kd8 70. Bf5 Bc4 71. Bxg6 Bxf7 72. Bxf7 1-0

[Event "Chigorin Memorial 22nd"]
[Site "St Petersburg"]
[Date "2014.10.20"]
[Round "3"]
[White "Martynyuk, Elizaveta"]
[Black "Molchanova, Tatjana"]
[Result "0-1"]
[WhiteElo "2046"]
[BlackElo "2265"]
[PlyCount "74"]
[EventDate "2014.10.18"]
[EventType "swiss"]
[EventRounds "9"]
[EventCountry "RUS"]
[SourceTitle "EXT 2015"]
[Source "ChessBase"]
[SourceDate "2014.11.20"]
[SourceVersion "1"]
[SourceVersionDate "2014.11.20"]
[SourceQuality "1"]

1. e4 c6 2. d4 d5 3. e5 Bf5 4. Nf3 e6 5. Be2 Nd7 6. 0-0 h6 7. Be3 Ne7 8. Nbd2 Bh7 9. c4 dxc4 10. Nxc4 Nd5 11. Bd3 Bxd3 12. Qxd3 N7b6 13. Nfd2 Nxc4 14. Nxc4 Nb6 15. Nxb6 axb6 16. Qb3 Ra6 17. a4 Be7 18. f4 g6 19. Qc4 Qa8 20. b3 h5 21. Rfd1 Ra5 22. d5 cxd5 23. Qc7 Bc5 24. Bxc5 Rxc5 25. Qxb6 Rc6 26. Qe3 Kd7 27. Qh3 Qa7+ 28. Kh1 Qc5 29. g4 Qc2 30. g5 Rc3 31. Qh4 Rxb3 32. Qe1 Rb2 33. Qg3 Rc8 34. Rd3 Rc4 35. a5 Ra4 36. Rc3 Qe4+ 37. Kg1 Raa2 0-1

[Event "Chigorin Memorial 22nd"]
[Site "St Petersburg"]
[Date "2014.10.19"]
[Round "2"]
[White "Molchanova, Tatjana"]
[Black "Matsenko, Sergei"]
[Result "0-1"]
[WhiteElo "2265"]
[BlackElo "2485"]
[PlyCount "140"]
[EventDate "2014.10.18"]
[EventType "swiss"]
[EventRounds "9"]
[EventCountry "RUS"]
[SourceTitle "EXT 2015"]
[Source "ChessBase"]
[SourceDate "2014.11.20"]
[SourceVersion "1"]
[SourceVersionDate "2014.11.20"]
[SourceQuality "1"]

1. e4 e6 2. d4 d5 3. Nd2 Nc6 4. Ngf3 Nf6 5. e5 Nd7 6. Bd3 Nb4 7. Be2 c5 8. c3 Nc6 9. 0-0 cxd4 10. cxd4 f6 11. exf6 Nxf6 12. Re1 Bd6 13. Nf1 0-0 14. Bd3 Qb6 15. Ng3 Bd7 16. b3 Rac8 17. Be3 Nb4 18. Bb1 Qc7 19. Re2 Bb5 20. Rd2 g6 21. a3 Nc6 22. Bd3 Bxd3 23. Rxd3 Qg7 24. b4 Ne4 25. Rc1 a5 26. b5 Ne7 27. Ng5 Nxg5 28. Bxg5 Nf5 29. Nxf5 exf5 30. Qf3 Qf7 31. g3 Rc4 32. Re1 Rfc8 33. Kg2 a4 34. h4 h5 35. Bf4 Bf8 36. Re5 Rc2 37. Qxd5 Qxd5+ 38. Rxd5 Rb2 39. Re5 Rcc2 40. Be3 Rb3 41. Rd1 Kf7 42. Rc1 Rxc1 43. Bxc1 Rb1 44. Bf4 Bxa3 45. b6 Rxb6 46. Ra5 Ra6 47. Rb5 b6 48. Bd2 Be7 49. Bc3 a3 50. Kf3 Ke6 51. Kf4 a2 52. Ba1 Kd6 53. f3 Kc6 54. Rb3 Kd5 55. g4 fxg4 56. fxg4 Bxh4 57. gxh5 gxh5 58. Rh3 Bf6 59. Rxh5+ Kc4 60. Ke4 Ra8 61. Rh2 Bxd4 62. Bxd4 Re8+ 63. Kf5 Kxd4 64. Rxa2 b5 65. Ra7 b4 66. Rb7 Kc3 67. Kf4 b3 68. Rc7+ Kd2 69. Rb7 Kc2 70. Rc7+ Kb1 0-1

[Event "Chigorin Memorial 22nd"]
[Site "St Petersburg"]
[Date "2014.10.18"]
[Round "1"]
[White "Ivanov, Igor"]
[Black "Molchanova, Tatjana"]
[Result "0-1"]
[WhiteElo "1782"]
[BlackElo "2265"]
[PlyCount "76"]
[EventDate "2014.10.18"]
[EventType "swiss"]
[EventRounds "9"]
[EventCountry "RUS"]
[SourceTitle "EXT 2015"]
[Source "ChessBase"]
[SourceDate "2014.11.20"]
[SourceVersion "1"]
[SourceVersionDate "2014.11.20"]
[SourceQuality "1"]

1. c4 e5 2. Nc3 Nc6 3. Nf3 g6 4. g3 Bg7 5. Bg2 Nge7 6. d3 0-0 7. 0-0 f5 8. Rb1 h6 9. Nd5 Nxd5 10. cxd5 Ne7 11. e4 d6 12. Qc2 g5 13. h3 Ng6 14. Nd2 f4 15. g4 Nh4 16. Nf3 Nxg2 17. Kxg2 h5 18. Nh2 f3+ 19. Nxf3 hxg4 20. hxg4 Bxg4 21. Nh2 Qd7 22. Rg1 Bh3+ 23. Kh1 g4 24. f3 gxf3 25. Rg3 Bg2+ 26. Kg1 Rf7 27. Ng4 Kf8 28. Kf2 Rf4 29. Ne3 Bf6 30. Nxg2 fxg2+ 31. Bxf4 exf4 32. Rxg2 Bd4+ 33. Ke1 Qh3 34. Rf2 Qg3 35. Kf1 Bxf2 36. Qxf2 Qxd3+ 37. Kg2 Qxb1 38. Qxf4+ Ke8 0-1

[Event "St Petersburg-ch (Women) 82nd"]
[Site "St Petersburg"]
[Date "2014.03.29"]
[Round "9"]
[White "Molchanova, Tatjana"]
[Black "Azimova, Karina"]
[Result "1-0"]
[WhiteElo "2291"]
[BlackElo "2048"]
[PlyCount "91"]
[EventDate "2014.03.21"]
[EventType "tourn"]
[EventRounds "11"]
[EventCountry "RUS"]
[SourceTitle "CBM 159 Extra"]
[Source "ChessBase"]
[SourceDate "2014.04.24"]
[SourceVersion "1"]
[SourceVersionDate "2014.04.24"]
[SourceQuality "1"]

1. e4 Nf6 2. e5 Nd5 3. d4 d6 4. Nf3 Nb6 5. Be2 g6 6. 0-0 Bg7 7. exd6 cxd6 8. c4 0-0 9. Nc3 Bg4 10. Be3 Nc6 11. b3 d5 12. c5 Nd7 13. Rc1 e6 14. Nb5 b6 15. Qd2 Nf6 16. cxb6 Qxb6 17. Rxc6 Qxc6 18. Ne5 Ne4 19. Nxc6 Nxd2 20. Bxg4 Nxf1 21. Kxf1 f5 22. Be2 Rf7 23. Ne5 Rb7 24. Bd3 Bf8 25. Ke2 Rc8 26. Bd2 a6 27. Nc3 Ra7 28. Na4 Bd6 29. b4 Bxe5 30. dxe5 Kf7 31. a3 d4 32. Nc5 a5 33. Bc4 Rc6 34. Kd3 axb4 35. Bxb4 Ra8 36. Nb7 Kg7 37. Nd6 h5 38. Kxd4 h4 39. h3 Rb8 40. Bxe6 Rc2 41. Ke3 Rb2 42. Bd5 Rd8 43. Bc3 Rc2 44. Bd4 Kh7 45. a4 f4+ 46. Kd3 1-0

[Event "Chigorin Memorial 21st"]
[Site "St Petersburg"]
[Date "2013.10.13"]
[Round "9"]
[White "Selivanov, Ivan"]
[Black "Molchanova, Tatjana"]
[Result "1/2-1/2"]
[WhiteElo "2005"]
[BlackElo "2311"]
[PlyCount "184"]
[EventDate "2013.10.05"]
[EventType "swiss"]
[EventRounds "9"]
[EventCountry "RUS"]
[SourceTitle "CBM 156 Extra"]
[Source "ChessBase"]
[SourceDate "2013.10.22"]
[SourceVersion "1"]
[SourceVersionDate "2013.10.22"]
[SourceQuality "1"]

1. e4 e6 2. d4 d5 3. e5 c5 4. c3 Nc6 5. Nf3 Qb6 6. a3 Nh6 7. Bd3 Bd7 8. Bc2 Qa6 9. Be3 cxd4 10. Bxd4 Nxd4 11. Nxd4 g6 12. Bd3 Qb6 13. Qe2 a6 14. 0-0 Bg7 15. a4 0-0 16. a5 Qc7 17. f4 f6 18. exf6 Rxf6 19. g3 Raf8 20. Nd2 Nf7 21. N2f3 Qc5 22. Kg2 Re8 23. Rfe1 Qc7 24. Qd2 e5 25. fxe5 Nxe5 26. Nxe5 Rxe5 27. Rxe5 Qxe5 28. Re1 Qh5 29. Qe3 Rf8 30. Ne6 Re8 31. Qb6 Bc6 32. Nxg7 d4+ 33. Qxc6 bxc6 34. Nxh5 Rxe1 35. Nf4 dxc3 36. bxc3 Ra1 37. Bxa6 Rxa5 38. Bc4+ Kg7 39. Kf3 g5 40. Ne2 Kf6 41. Bd3 h5 42. h4 gxh4 43. gxh4 Ke5 44. Ke3 Ra1 45. Be4 c5 46. c4 Ra3+ 47. Bd3 Ra1 48. Nf4 Rh1 49. Be2 Kf5 50. Ng2 Rc1 51. Kd2 Rg1 52. Bf3 Ra1 53. Ne1 Kf4 54. Bxh5 Ra2+ 55. Kc3 Ra3+ 56. Kb2 Rh3 57. Bf7 Rh1 58. Ng2+ Ke5 59. Kb3 Rb1+ 60. Ka4 Ra1+ 61. Kb5 Kd6 62. Ne3 Rb1+ 63. Ka6 Ra1+ 64. Kb7 Rb1+ 65. Kc8 Rh1 66. h5 Ke7 67. Bg6 Ke6 68. Kc7 Ke5 69. Nf5 Rc1 70. Nd6 Rg1 71. Kc6 Kd4 72. Kc7 Rh1 73. Kd7 Ke5 74. Ke7 Ra1 75. Nb5 Rh1 76. Bf7 Rh2 77. Kf8 Kf6 78. Nd6 Rh4 79. Ne8+ Ke5 80. Kg7 Rg4+ 81. Kh7 Rf4 82. Bd5 Rf8 83. Ng7 Kf6 84. h6 Rd8 85. Nh5+ Kg5 86. Bf7 Rd6 87. Kg7 Rxh6 88. Ng3 Rc6 89. Bd5 Rc7+ 90. Kf8 Kf4 91. Ne4 Ke5 92. Ke8 Kd4 1/2-1/2

[Event "Chigorin Memorial 21st"]
[Site "St Petersburg"]
[Date "2013.10.10"]
[Round "6"]
[White "Molchanova, Tatjana"]
[Black "Neverov, Valeriy"]
[Result "1/2-1/2"]
[WhiteElo "2311"]
[BlackElo "2505"]
[PlyCount "125"]
[EventDate "2013.10.05"]
[EventType "swiss"]
[EventRounds "9"]
[EventCountry "RUS"]
[SourceTitle "CBM 156 Extra"]
[Source "ChessBase"]
[SourceDate "2013.10.22"]
[SourceVersion "1"]
[SourceVersionDate "2013.10.22"]
[SourceQuality "1"]

1. Nf3 Nf6 2. c4 e6 3. d4 b6 4. Bg5 Bb7 5. Nbd2 h6 6. Bh4 c5 7. e3 Be7 8. a3 0-0 9. Bd3 Nc6 10. 0-0 cxd4 11. exd4 d5 12. Rc1 dxc4 13. Nxc4 Nh5 14. Bg3 Nxg3 15. hxg3 Bf6 16. Be4 Rb8 17. Bxc6 Bxc6 18. Nce5 Bb7 19. Nc6 Bxc6 20. Rxc6 Qd5 21. Rc7 a5 22. Qd2 Rfd8 23. Qf4 Qd6 24. Qxd6 Rxd6 25. Rfc1 Bxd4 26. Nxd4 Rxd4 27. Ra7 Rd2 28. b4 axb4 29. axb4 Rb2 30. Rc4 Rd8 31. Rf4 f5 32. g4 Rd5 33. Re7 Re5 34. gxf5 Rxf5 35. Rg4 Rg5 36. Rxg5 hxg5 37. Rxe6 Rxb4 38. Re5 g4 39. Kh2 Rb3 40. Rg5 Rb4 41. Kg3 b5 42. Rc5 Kf7 43. Rg5 Kf6 44. Rc5 Kg6 45. Rd5 Kh6 46. Re5 g5 47. Re8 Rc4 48. Rh8+ Kg7 49. Rb8 b4 50. Rb6 Kf7 51. Rb5 Kf6 52. Rb6+ Ke5 53. Rb5+ Kd4 54. Kxg4 Kc3+ 55. Kxg5 b3 56. f4 Rb4 57. Rc5+ Kd2 58. Rd5+ Ke2 59. Re5+ Kf2 60. Rd5 b2 61. Rd1 b1Q 62. Rxb1 Rxb1 63. f5 1/2-1/2

[Event "EU-ch (Women) 14th"]
[Site "Belgrade"]
[Date "2013.08.02"]
[Round "10"]
[White "Baraeva, Irina"]
[Black "Molchanova, Tatjana"]
[Result "0-1"]
[WhiteElo "2171"]
[BlackElo "2296"]
[PlyCount "108"]
[EventDate "2013.07.23"]
[EventType "swiss"]
[EventRounds "11"]
[EventCountry "SRB"]
[SourceTitle "CBM 155 Extra"]
[Source "ChessBase"]
[SourceDate "2013.08.26"]
[SourceVersion "1"]
[SourceVersionDate "2013.08.26"]
[SourceQuality "1"]

1. d4 d5 2. Nf3 Nf6 3. c4 e6 4. Nc3 dxc4 5. e3 a6 6. Bxc4 b5 7. Bb3 Bb7 8. 0-0 Nbd7 9. Qe2 c5 10. Rd1 Qb8 11. d5 exd5 12. Bxd5 b4 13. Bxb7 Qxb7 14. Na4 Be7 15. b3 Rc8 16. Bb2 0-0 17. Rac1 Ne4 18. Nd2 Nxd2 19. Rxd2 Nb6 20. Nxb6 Qxb6 21. Rd7 Bf6 22. Bxf6 Qxf6 23. Rd5 Rfd8 24. Rxd8+ Rxd8 25. g3 Qc6 26. Qc4 g6 27. e4 Rd2 28. Kg2 Rxa2 29. Rd1 Rb2 30. Rd5 Kg7 31. Qd3 a5 32. Qc4 Qf6 33. Qxc5 Rxb3 34. e5 Qf3+ 35. Kh3 Qf5+ 36. Kg2 Qe4+ 37. Kh3 Rf3 38. Rd8 Kh6 39. Rh8 g5 40. Rd8 Kh5 41. Qd4 Qxd4 42. Rxd4 Rxf2 43. g4+ Kg6 44. Rd6+ Kg7 45. Rb6 Rb2 46. Rb7 Kf8 47. Ra7 Ra2 48. Rb7 Ra3+ 49. Kg2 b3 50. Kf3 a4 51. Ke4 Ra1 52. Kf5 h6 53. Ke4 Re1+ 54. Kd4 a3 0-1

[Event "RUS-chT (Women) 13th"]
[Site "Sochi"]
[Date "2012.04.14"]
[Round "6"]
[White "Kosintseva, Nadezhda"]
[Black "Molchanova, Tatjana"]
[Result "1-0"]
[WhiteElo "2535"]
[BlackElo "2346"]
[PlyCount "87"]
[EventDate "2012.04.09"]
[EventType "team-tourn"]
[EventRounds "7"]
[EventCountry "RUS"]
[SourceTitle "CBM 147 Extra"]
[Source "ChessBase"]
[SourceDate "2012.04.24"]
[SourceVersion "1"]
[SourceVersionDate "2012.04.24"]
[SourceQuality "1"]
[WhiteTeam "Kazan Ladya (W)"]
[BlackTeam "St Petersburg Chigorin (W)"]
[WhiteTeamCountry "RUS"]
[BlackTeamCountry "RUS"]

1. e4 c6 2. d4 d5 3. e5 Bf5 4. Nf3 e6 5. Be2 h6 6. 0-0 Nd7 7. Nbd2 Ne7 8. Nb3 Bh7 9. a4 Nf5 10. a5 a6 11. c4 Be7 12. Bd2 h5 13. Ne1 Bg6 14. cxd5 cxd5 15. Nd3 h4 16. Rc1 Rc8 17. Rxc8 Qxc8 18. Bc3 Nb8 19. Qd2 Nc6 20. Rc1 f6 21. Bb4 Kf7 22. Bxe7 Nfxe7 23. Bg4 Bf5 24. Bxf5 Nxf5 25. Nb4 fxe5 26. dxe5 Qb8 27. Nxc6 bxc6 28. Nd4 Qxe5 29. Nxc6 Qd6 30. h3 d4 31. f4 Rf8 32. Ne5+ Kg8 33. b4 Ne3 34. Nd3 Qd5 35. Rc5 Qe4 36. Re5 Qg6 37. Rg5 Qxg5 38. fxg5 Rf1+ 39. Kh2 Rb1 40. Qa2 Rd1 41. Qxe6+ Kf8 42. g6 Nf1+ 43. Kg1 Ne3+ 44. Kf2 1-0